书目信息 |
| 题名: |
人人都是架构师
|
|
| 作者: | 高翔龙 著 | |
| 分册: | ||
| 出版信息: | 北京 电子工业出版社 2017.6 |
|
| 页数: | 11,188页 | |
| 开本: | 23cm | |
| 丛书名: | ||
| 单 册: | ||
| 中图分类: | TP338.8 | |
| 科图分类: | ||
| 主题词: | 分布式计算机系统--系统设计 | |
| 电子资源: | ||
| ISBN: | 978-7-121-31238-0 | |
| 000 | 00955nam0 2200241 450 | |
| 001 | 0400003654 | |
| 005 | 20171022111824.0 | |
| 010 | @a978-7-121-31238-0@dCNY69.00 | |
| 100 | @a20170802e2017 em y0chiy50 ea | |
| 101 | 0 | @achi |
| 102 | @aCN@b110000 | |
| 105 | @aa z 000yy | |
| 106 | @ar | |
| 200 | 1 | @a人人都是架构师@9ren ren dou shi jia gou shi@e分布式系统架构落地与瓶颈突破@f高翔龙著 |
| 210 | @a北京@c电子工业出版社@d2017.6 | |
| 215 | @a11,188页@c图@d23cm | |
| 330 | @a本书并没有过多渲染系统架构的理论知识,而是为各位读者诠释了大型网站在架构演变过程中出现一系列技术难题时的解决方案。主要内容包括:分布式系统的架构演变过程、系统服务化需求、分布式调用跟踪系统需求等。 | |
| 517 | 1 | @a分布式系统架构落地与瓶颈突破@9fen bu shi xi tong jia gou luo di yu ping jing tu po |
| 606 | 0 | @a分布式计算机系统@x系统设计 |
| 690 | @aTP338.8@v5 | |
| 701 | 0 | @a高翔龙@9gao xiang long@4著 |
| 801 | 0 | @aCN@b91MARC@c20171022 |
| 905 | @b1022880-4@dTP338.8@f5@e150 | |
| 人人都是架构师:分布式系统架构落地与瓶颈突破/高翔龙著.-北京:电子工业出版社,2017.6 |
| 11,188页:图;23cm |
| ISBN 978-7-121-31238-0:CNY69.00 |
| 本书并没有过多渲染系统架构的理论知识,而是为各位读者诠释了大型网站在架构演变过程中出现一系列技术难题时的解决方案。主要内容包括:分布式系统的架构演变过程、系统服务化需求、分布式调用跟踪系统需求等。 |
| ● |
| 相关链接 |
|
|
|
|
正题名:人人都是架构师
索取号:TP338.8/150
 
预约/预借
| 序号 | 登录号 | 条形码 | 馆藏地/架位号 | 状态 | 备注 |
| 1 | 1022880 | 210228804 | 第二样本阅览室/ [索取号:TP338.8/150] | 在馆 | |
| 2 | 1022881 | 210228813 | 第三借阅区/ [索取号:TP338.8/150] | 在馆 | |
| 3 | 1022882 | 210228822 | 第三借阅区/ [索取号:TP338.8/150] | 在馆 | |
| 4 | 1022883 | 210228831 | 第三借阅区/ [索取号:TP338.8/150] | 在馆 | |
| 5 | 1022884 | 210228840 | 密集书库—计算机科学学院/ [索取号:TP338.8/150] | 在馆 |